Philip M. NAPOLI, Audience Evolution. New technologies and the Transformation of Media Audiences, New York, Columbia University Press, 2010, 272 p. (notice n° 1646980)

détails MARC
000 -LEADER
fixed length control field 02120cam a2200169 4500500
005 - DATE AND TIME OF LATEST TRANSACTION
control field 20260208003055.0
041 ## - LANGUAGE CODE
Language code of text/sound track or separate title fre
042 ## - AUTHENTICATION CODE
Authentication code dc
100 10 - MAIN ENTRY--PERSONAL NAME
Personal name Mellet, Kevin
Relator term author
245 00 - TITLE STATEMENT
Title Philip M. NAPOLI, Audience Evolution. New technologies and the Transformation of Media Audiences, New York, Columbia University Press, 2010, 272 p.
260 ## - PUBLICATION, DISTRIBUTION, ETC.
Date of publication, distribution, etc. 2012.<br/>
500 ## - GENERAL NOTE
General note 12
520 ## - SUMMARY, ETC.
Summary, etc. RésuméL’internet, et le web en particulier, sont souvent présentés comme de « nouveaux médias », en comparaison des médias de masse et notamment de la télévision. Une telle opposition est nuancée par la confrontation de l’offre d’information des sites d’actualité à celle des journaux télévisés. Sites et JT se focalisent sur les mêmes événements au cœur de l’agenda médiatique, avec toutefois une couverture de l’actualité élargie sur le web. Ils se rejoignent autour du principal événement observé en mars 2011 (tsunami au Japon), accordant une place au débat sur le nucléaire. Des différences sont toutefois perceptibles : les JT mettent en scène ce débat quand certains sites d’actualité l’animent directement.
520 ## - SUMMARY, ETC.
Summary, etc. Is the news more diversified on the web than on television? An exploratory comparison between news websites and news TV programmesThe Internet and especially the Web are often portrayed as «new media», as opposed to mass media such as television. Comparing the news offered on websites with that of TV programmes nevertheless provides a more nuanced picture. Websites and TV programmes tend to focus on the same events dominating the media agenda, although a wider spectrum of news is provided on the Web. They both dealt with the main event that occurred in March 2011 (tsunami in Japan), thereby providing a forum for debate on nuclear energy. However some differences remain, as TV programmes mainly report on the debate while some websites directly take part in it.
786 0# - DATA SOURCE ENTRY
Note Réseaux | 176 | 6 | 2012-12-01 | p. 173a-177a | 0751-7971
856 41 - ELECTRONIC LOCATION AND ACCESS
Uniform Resource Identifier <a href="https://shs.cairn.info/revue-reseaux-2012-6-page-173a?lang=fr&redirect-ssocas=7080">https://shs.cairn.info/revue-reseaux-2012-6-page-173a?lang=fr&redirect-ssocas=7080</a>

Pas d'exemplaire disponible.

PLUDOC

PLUDOC est la plateforme unique et centralisée de gestion des bibliothèques physiques et numériques de Guinée administré par le CEDUST. Elle est la plus grande base de données de ressources documentaires pour les Étudiants, Enseignants chercheurs et Chercheurs de Guinée.

Adresse

627 919 101/664 919 101

25 boulevard du commerce
Kaloum, Conakry, Guinée

Réseaux sociaux

Powered by Netsen Group @ 2025